banner-ar

MERRILL'S A TLAS OF RADIOGRAPHIC POSITIONS AND RADSALOGIC PROCEDURES / (Record no. 10741)

MARC details
000 -الفاتح
حقل البيانات ثابتة الطول 00460nam a2200157Ia 4500
008 - عناصر البيانات ثابتة الطول - معلومات عامة
حقل البيانات ثابتة الطول 140319s9999 xx 000 0 eng d
040 ## - مصدر الفهرسة
وكالة الفهرسة الأصلية GCL /
وكالة النسخ GCL
082 04 - رقم تصنيف ديوى العشرى
رقم التصنيف 621.3673
رقم المادة B M
100 1# - المدخل الرئيسى - إسم شخصى
الإسم الشخصى BALLINGER, PHILIP
245 10 - بيان العنوان
العنوان MERRILL'S A TLAS OF RADIOGRAPHIC POSITIONS AND RADSALOGIC PROCEDURES /
بيان المسئوليه,etc BALLINGER, PHILIP
260 ## - PUBLICATION, DISTRIBUTION, ETC. (IMPRINT)
تاريخ النشر أو التوزيع 1991
650 04 - المدخل الاضافى بالموضوع-مصطلح موضوعى
مصطلح موضوعي RADIOLOGY
650 04 - المدخل الاضافى بالموضوع-مصطلح موضوعى
مصطلح موضوعي RADOGRAPHIC
942 ## - عناصر المدخل الإضافي( كوها)
مصدر التصنيف او مخطط الترفيف Dewey Decimal Classification
Koha [default] item type كتاب
260 ## - PUBLICATION, DISTRIBUTION, ETC. (IMPRINT)
-- [S.N] :
-- MOSBY -YEAR BOOK , JNC ،
Holdings
حالة التراجع حالة الفقد حالة تلف ليس للاعارة المكان المؤقت الموقع الحالى تاريخ الاكتساب اجمالي اﻻعارات رقم الطلب الباركود تاريخ اخر مشاهدة تاريخ تفعيل السعر نوع وعاء كوها
        مكتبة القاهرة الكبرى مكتبة القاهرة الكبرى 03/26/2014   621.3673\B M 21587 03/26/2014 03/26/2014 كتاب
        مكتبة القاهرة الكبرى مكتبة القاهرة الكبرى 03/26/2014   621.3673\B M 21588 03/26/2014 03/26/2014 كتاب
        مكتبة القاهرة الكبرى مكتبة القاهرة الكبرى 03/26/2014   621.3673\B M 21589 03/26/2014 03/26/2014 كتاب

Powered By

EGPV